Rutina (nada normal) de una adolescente en crisis : (Record no. 157578)

MARC details
000 -CABECERA
campo de control de longitud fija 00850nam a2200229 a 4500
005 - FECHA Y HORA DE LA ÚLTIMA TRANSACCIÓN
campo de control 20220628073936.0
008 - ELEMENTOS DE LONGITUD FIJA--INFORMACIÓN GENERAL
campo de control de longitud fija 120626s2008 ag r 000 0 spa d
020 ## - NÚMERO INTERNACIONAL NORMALIZADO PARA LIBROS
Número Internacional Estándar del Libro 9789876020824
035 ## - NÚMERO DE CONTROL DEL SISTEMA
Número de control de sistema UPN01000185475
049 ## - COLECCIÓN
Colección CG
050 #4 - SIGNATURA TOPOGRÁFICA DE LA BIBLIOTECA DEL CONGRESO
Número de clasificación PQ7889.2 S6.8
Número de documento/Ítem R8.7
100 1# - ASIENTO PRINCIPAL--NOMBRE PERSONAL
Nombre de persona Souza, Shirley
9 (RLIN) 32399
245 10 - MENCIÓN DE TÍTULO
Título Rutina (nada normal) de una adolescente en crisis :
Resto del título novela /
Mención de responsabilidad, etc. Shirley Souza ; il. Mónica Weiss ; tr. Marta Arróniz.
260 ## - PUBLICACIÓN, DISTRIBUCIÓN, ETC.
Lugar de publicación, distribución, etc. Córdoba, Arg. :
Nombre del editor, distribuidor, etc. Comunicarte,
Fecha de publicación, distribución, etc. 2008.
300 ## - DESCRIPCIÓN FÍSICA
Extensión 92 p.
440 #0 - MENCIÓN DE SERIE/ASIENTO SECUNDARIO--TÍTULO
Título Veinte escalones ;
Designación de volumen o secuencia 9.
Nombre de parte o sección de la obra A partir de 13 años
534 ## - NOTA SOBRE LA VERSIÓN ORIGINAL
Frase introductoria Título original:
Mención de título del original Rotina (nada normal) de una adolescente em crise
586 ## - NOTA DE PREMIOS
Nota de premios Tercer Premio del Primer Concurso de Novela Los Jóvenes del Mercosur
650 #4 - ASIENTO SECUNDARIO DE MATERIA - TERMINO TEMATICO
Término de materia o nombre geográfico como elemento de entrada LITERATURA JUVENIL BRASILEÑA
9 (RLIN) 14184
650 #0 - ASIENTO SECUNDARIO DE MATERIA - TERMINO TEMATICO
Término de materia o nombre geográfico como elemento de entrada Novela brasileña
9 (RLIN) 5077
905 ## - TIPO DE MATERIAL
Tipo de material Libro
Holdings
Estado de retiro Estado de pérdida Fuente del sistema de clasificación o colocación Estado dañado No para préstamo Código de colección Localización permanente Ubicación/localización actual Ubicación en estantería Fecha de adquisición Total de préstamos Clasificación Código de barras Fecha visto por última vez Fecha del último préstamo Número de copia Tipo de ítem Koha
    Library of Congress Classification     Infantil Bib. Gregorio Torres Quintero Bib. Gregorio Torres Quintero Sala infantil Planta baja 10/05/2023 5 PQ7889.2 S6.8 R8.7 280754 28/02/2025 19/02/2025 1 Libro